[Event "ch-Commonwealth 2012"]
[Site "Chennai IND"]
[Date "2012.11.30"]
[Round "10"]
[White "G., Akash"]
[Black "Lalith, Babu M.R."]
[Result "0-1"]
[BlackTitle "GM"]
[WhiteElo "2404"]
[BlackElo "2528"]
[WhiteFideId "5040299"]
[BlackFideId "5024595"]
[EventDate "2012.11.23"]

1. e4 c6 2. d4 d5 3. Nc3 dxe4 4. Nxe4 Bf5 5. Ng3 Bg6 6. h4 h6 7. Nf3 Nd7 8. h5
Bh7 9. Bd3 Bxd3 10. Qxd3 e6 11. Bd2 Ngf6 12. O-O-O Be7 13. Kb1 Qc7 14. Ne4 Rd8
15. Nxf6+ Nxf6 16. Ne5 O-O 17. Bc1 Bd6 18. Qe2 c5 19. Ng4 Nxg4 20. Qxg4 c4 21.
Qe4 Be7 22. g4 Rd5 23. f4 c3 24. b3 Rfd8 25. g5 hxg5 26. h6 g6 27. fxg5 Bxg5 28.
Bxg5 Rxg5 29. d5 Rdxd5 30. Rxd5 Rxd5 31. Qf3 Rf5 32. h7+ Kh8 33. Qh3 Rh5 34. Qf3
Rxh1+ 35. Qxh1 Qc5 36. Qf1 f5 0-1

[Event "ch-Commonwealth 2012"]
[Site "Chennai IND"]
[Date "2012.11.30"]
[Round "10"]
[White "Narayanan, S.L."]
[Black "Venkatesh, M.R."]
[Result "1-0"]
[BlackTitle "GM"]
[WhiteElo "2350"]
[BlackElo "2520"]
[WhiteFideId "5058422"]
[BlackFideId "5005779"]
[EventDate "2012.11.23"]

1. d4 Nf6 2. c4 g6 3. Nc3 Bg7 4. e4 d6 5. f3 O-O 6. Nge2 c5 7. d5 a6 8. a4 e6 9.
Ng3 exd5 10. cxd5 Nbd7 11. Be2 h5 12. Bg5 Qe8 13. Qd2 Nh7 14. Bh6 Qe5 15. Bxg7
Qxg7 16. Nf1 f5 17. Ne3 f4 18. Nc4 Qe7 19. a5 Qh4+ 20. Kd1 Qe7 21. Na4 Rb8 22.
b4 Ng5 23. bxc5 Nxc5 24. Nxc5 dxc5 25. h4 Ne6 26. dxe6 Rd8 27. Bd3 Bxe6 28. Kc2
Rd4 29. Qc3 Rbd8 30. Rad1 Qf7 31. Nb6 Rb4 32. Bc4 Re8 33. Bxe6 Qxe6 34. Nd5 1-0

[Event "ch-Commonwealth 2012"]
[Site "Chennai IND"]
[Date "2012.11.30"]
[Round "10"]
[White "Himanshu, Sharma"]
[Black "Lintchevski, Daniil"]
[Result "1/2-1/2"]
[WhiteTitle "IM"]
[BlackTitle "GM"]
[WhiteElo "2417"]
[BlackElo "2555"]
[WhiteFideId "5007836"]
[BlackFideId "4171055"]
[EventDate "2012.11.23"]

1. e4 c5 2. Nc3 g6 3. g3 Bg7 4. Bg2 Nc6 5. d3 Rb8 6. f4 d6 7. Nf3 Bg4 8. Nd5 e6
9. Ne3 Bxf3 10. Qxf3 Nge7 11. O-O O-O 12. c3 f5 13. Bd2 Kh8 14. Rae1 Qd7 15.
exf5 gxf5 16. Rf2 Rbe8 17. Qd1 Nc8 18. g4 fxg4 19. Qxg4 Qf7 20. Ref1 N8e7 21.
Kh1 Nf5 22. a3 Nxe3 23. Bxe3 Ne7 24. Re2 Nf5 25. Bd2 Bf6 26. Be4 d5 27. Bf3 Nh4
28. Rfe1 Nxf3 29. Qxf3 Bh4 30. Rg1 Rg8 31. Reg2 Qf5 32. h3 Rxg2 33. Rxg2 Bf6 34.
Rg3 Rg8 35. Rxg8+ Kxg8 36. Qg4+ Kf7 37. Qxf5 exf5 38. b3 c4 39. bxc4 dxc4 40.
dxc4 Ke6 41. Kg2 a5 42. a4 Kd6 43. Be3 Bxc3 44. Kf3 Bb4 45. Kg3 Be1+ 46. Kf3 Kc6
47. Ke2 Bb4 48. Kd3 Bc5 49. Bd2 b6 50. Bc1 Bf2 51. Ba3 Bc5 1/2-1/2

[Event "ch-Commonwealth 2012"]
[Site "Chennai IND"]
[Date "2012.11.30"]
[Round "10"]
[White "Sethuraman, S.P."]
[Black "Swayams, Mishra"]
[Result "1-0"]
[WhiteTitle "GM"]
[BlackTitle "IM"]
[WhiteElo "2520"]
[BlackElo "2423"]
[WhiteFideId "5021596"]
[BlackFideId "5028183"]
[EventDate "2012.11.23"]

1. d4 e6 2. e4 d5 3. e5 c5 4. c3 Qb6 5. Nf3 Bd7 6. Be2 Bb5 7. c4 Bxc4 8. Bxc4
dxc4 9. d5 exd5 10. Qxd5 Ne7 11. Qe4 Nbc6 12. Nbd2 Na5 13. O-O Qe6 14. b3 Nec6
15. bxc4 Be7 16. Bb2 O-O 17. Bc3 Rad8 18. Rfe1 Rd7 19. Qf4 b6 20. h4 Nb4 21.
Bxb4 cxb4 22. Nd4 Qh6 23. Qxh6 gxh6 24. Nf5 Rxd2 25. Nxe7+ Kh8 26. Re4 Rc2 27.
Rb1 Re8 28. Nd5 Rxc4 29. Rxb4 Rc5 30. Nf6 Rexe5 31. Rxe5 1-0

[Event "ch-Commonwealth 2012"]
[Site "Chennai IND"]
[Date "2012.11.30"]
[Round "10"]
[White "Shyam, Sundar M."]
[Black "Krishna, C.R.G."]
[Result "1-0"]
[WhiteTitle "IM"]
[WhiteElo "2484"]
[BlackElo "2327"]
[WhiteFideId "5019141"]
[BlackFideId "5018625"]
[EventDate "2012.11.23"]

1. e4 e6 2. d4 d5 3. Nc3 Bb4 4. e5 c5 5. a3 Bxc3+ 6. bxc3 Qa5 7. Bd2 Qa4 8. Qg4
g6 9. Nf3 Nc6 10. Bd3 c4 11. Be2 Bd7 12. Qf4 h6 13. Ra2 Rh7 14. h4 O-O-O 15. Nh2
Re8 16. h5 g5 17. Qf3 Rf8 18. Ng4 f5 19. exf6 Qa5 20. Qg3 Nxf6 21. Nxf6 Rxf6 22.
f4 Rf5 23. fxg5 hxg5 24. Bg4 Rf8 25. Qd6 Re8 26. O-O Qd8 27. Qg3 e5 28. Bxg5 Qb6
29. Bxd7+ Rxd7 30. Qe3 Rh8 31. h6 exd4 32. cxd4 Nxd4 33. c3 Nb5 34. Qxb6 axb6
35. Rb2 Nxc3 36. Bf6 Rxh6 37. Bxc3 d4 38. Be1 Rg6 39. Rf8+ Kc7 40. Rb4 b5 41.
Rxb5 Re6 42. Bg3+ Kc6 43. a4 Rc7 44. Bxc7 1-0

[Event "ch-Commonwealth 2012"]
[Site "Chennai IND"]
[Date "2012.11.30"]
[Round "10"]
[White "Oleksienko, Mikhailo"]
[Black "Mohota, Nisha"]
[Result "1-0"]
[WhiteTitle "GM"]
[BlackTitle "IM"]
[WhiteElo "2551"]
[BlackElo "2342"]
[WhiteFideId "4152417"]
[BlackFideId "5004330"]
[EventDate "2012.11.23"]

1. e4 c6 2. d4 d5 3. e5 Bf5 4. Nd2 e6 5. Nb3 Nd7 6. Be3 Ne7 7. f4 h5 8. Nf3 Bg4
9. Be2 Nf5 10. Bf2 h4 11. O-O Be7 12. Rc1 g5 13. Nxg5 Bxe2 14. Qxe2 Bxg5 15.
fxg5 Qxg5 16. c4 dxc4 17. Na5 O-O-O 18. Rxc4 Nb8 19. b4 Rhg8 20. Qf3 Qg4 21.
Qxg4 Rxg4 22. h3 Rg6 23. Kh2 Rdg8 24. Rg1 b5 25. Rc2 Kd7 26. d5 exd5 27. Bxa7
Na6 28. a3 Nc7 29. Rf1 Ne7 30. Rxf7 Ke6 31. Rh7 Ne8 32. Rxh4 Rg3 33. Nxc6 Nf5
34. Nd4+ Nxd4 35. Bxd4 Rxa3 36. Rh6+ Kf5 37. Rf2+ 1-0

[Event "ch-Commonwealth 2012"]
[Site "Chennai IND"]
[Date "2012.11.30"]
[Round "10"]
[White "Arun Prasad, S."]
[Black "Prakash, G B"]
[Result "1-0"]
[WhiteTitle "GM"]
[BlackTitle "IM"]
[WhiteElo "2513"]
[BlackElo "2270"]
[WhiteFideId "5011167"]
[BlackFideId "5001285"]
[EventDate "2012.11.23"]

1. d4 e6 2. c4 f5 3. g3 Nf6 4. Bg2 Be7 5. Nf3 O-O 6. O-O d6 7. Nc3 a5 8. b3 Ne4
9. Bb2 Nxc3 10. Bxc3 Qe8 11. Re1 Nd7 12. e4 f4 13. e5 d5 14. cxd5 exd5 15. Bd2
g5 16. h4 gxh4 17. Nxh4 Nb6 18. e6 Kh8 19. Qg4 h5 20. Qg6 Bxh4 21. Qh6+ Kg8 22.
gxh4 1-0

[Event "ch-Commonwealth 2012"]
[Site "Chennai IND"]
[Date "2012.11.30"]
[Round "10"]
[White "Grover, Sahaj"]
[Black "Ikeda, Junta"]
[Result "1/2-1/2"]
[WhiteTitle "GM"]
[BlackTitle "FM"]
[WhiteElo "2509"]
[BlackElo "2304"]
[WhiteFideId "5021103"]
[BlackFideId "3204731"]
[EventDate "2012.11.23"]

1. d4 Nf6 2. c4 b6 3. Nc3 Bb7 4. Qc2 d5 5. cxd5 Nxd5 6. Nf3 g6 7. Nxd5 Qxd5 8.
Bf4 Bg7 9. h4 Nd7 10. e3 Rc8 11. Qa4 Bc6 12. Qa3 Bb5 13. Bd3 Bxd3 14. Qxd3 Qa5+
15. Qc3 Qxc3+ 16. bxc3 c5 17. Kd2 Nf6 18. Kd3 Nd5 19. Bg3 cxd4 20. cxd4 Nb4+ 21.
Ke2 Rc2+ 22. Nd2 Nxa2 23. Rhb1 O-O 24. Kd1 Rfc8 25. Rb3 Rc1+ 26. Rxc1 Rxc1+ 27.
Ke2 Nc3+ 28. Kd3 Nd5 29. e4 Nc7 30. Bf4 Ne6 31. Be3 Rc7 32. f4 Nf8 33. g4 Nd7
34. Nb1 a6 35. Nc3 e6 36. Ra3 Nb8 37. e5 Bf8 38. Rb3 b5 39. d5 Nd7 40. d6 Rc6
41. g5 Bxd6 42. exd6 Rxd6+ 43. Ke2 f5 44. Na2 e5 45. fxe5 Nxe5 46. Bf4 Re6 47.
Kf2 Nc4 48. Nc1 Rb6 49. Ne2 a5 50. Nc3 b4 51. Nd5 Rb5 52. Nc7 Rc5 53. Rd3 Ne5
54. Rd8+ Kf7 55. Rf8+ Ke7 56. Re8+ Kd6 57. Na6 Rb5 58. Rd8+ Ke7 59. Rd1 Nc4 60.
Nb8 Rb6 61. Bc7 Re6 62. Rd7+ Ke8 63. Rd8+ Kf7 64. Rd7+ Ke8 65. Rd8+ Kf7 66. Rd7+
Re7 67. Rxe7+ Kxe7 68. Nc6+ Ke6 69. Nxa5 Kd5 70. Nb3 Ne5 71. Ke3 Nc4+ 72. Kf4
Nb2 73. Ke3 Kc4 74. Na5+ Kc3 75. Be5+ Kc2 76. Ke2 Nd3 77. Bd4 Nc1+ 78. Ke3 Nb3
79. Nc6 Nxd4 80. Nxb4+ Kc3 81. Nd5+ Kc4 82. Nf6 Ne6 83. Nxh7 Kd5 84. Nf6+ Kd6 1/2-1/2

[Event "ch-Commonwealth 2012"]
[Site "Chennai IND"]
[Date "2012.11.30"]
[Round "10"]
[White "Senador, Emmanuel"]
[Black "Ashwin, Jayaram"]
[Result "1/2-1/2"]
[WhiteTitle "IM"]
[BlackTitle "IM"]
[WhiteElo "2352"]
[BlackElo "2488"]
[WhiteFideId "5200601"]
[BlackFideId "5018137"]
[EventDate "2012.11.23"]

1. e4 c5 2. c3 d5 3. exd5 Qxd5 4. d4 Nc6 5. Nf3 Bf5 6. Be3 Nf6 7. Be2 Ng4 8. O-O
e6 9. c4 Qd7 10. d5 Nb4 11. Nc3 O-O-O 12. Bf4 Bd6 13. Bxd6 Qxd6 14. h3 Ne5 15.
Nb5 Nxf3+ 16. Bxf3 Qb6 17. Nc3 Bd3 18. Be2 Bxe2 19. Qxe2 exd5 20. a3 Na6 21.
Nxd5 Qe6 22. Qf3 Rhe8 23. b4 Rd7 24. Rab1 Qe4 25. Qc3 Re6 26. Rfe1 Qd4 27. Qb3
Re4 28. Rbd1 Rxe1+ 29. Rxe1 cxb4 30. axb4 Nc7 31. Ne3 g6 32. Rd1 Qe4 33. Rxd7
Kxd7 34. Qa4+ Ke7 35. b5 Qd4 36. Qa5 Kd7 37. Qa3 a6 38. bxa6 bxa6 39. Qa5 f5 40.
Qa4+ Kd6 41. Qb4+ Kd7 42. Qa4+ Kd6 43. Qb4+ Kd7 44. Qb7 Qa1+ 45. Kh2 Qe5+ 46.
Kg1 Qa1+ 47. Kh2 Qe5+ 48. Kg1 1/2-1/2

[Event "ch-Commonwealth 2012"]
[Site "Chennai IND"]
[Date "2012.11.30"]
[Round "10"]
[White "Das, Sayantan"]
[Black "Neelotpal, Das"]
[Result "1/2-1/2"]
[WhiteTitle "FM"]
[BlackTitle "GM"]
[WhiteElo "2339"]
[BlackElo "2467"]
[WhiteFideId "5034426"]
[BlackFideId "5003512"]
[EventDate "2012.11.23"]

1. Nf3 Nf6 2. c4 c6 3. Nc3 d5 4. e3 e6 5. Qc2 Nbd7 6. b3 Bd6 7. Bb2 Qe7 8. Rg1
O-O 9. g4 Ba3 10. Bxa3 Qxa3 11. g5 Nh5 12. Be2 g6 13. h4 Ng7 14. Nh2 f5 15. d4
b6 16. f4 Bb7 17. Nf3 dxc4 18. Bxc4 b5 19. Be2 a6 20. Ne5 Nxe5 21. dxe5 Rfd8 22.
Kf2 c5 23. Rgd1 Qa5 24. Rxd8+ Rxd8 25. Rd1 Ne8 26. h5 Qc7 27. h6 Rxd1 28. Qxd1
Kf8 29. a4 b4 30. Nb1 a5 31. Nd2 Ke7 32. Nc4 Bd5 33. Qd3 Be4 34. Qd2 Bd5 35. Qc2
Qd8 36. Nd2 Qb6 37. Nc4 Qa7 38. Qd3 Be4 39. Qd1 Bd5 40. Qd3 Be4 41. Nd6 Bxd3 42.
Nc8+ Kd7 43. Nxa7 Bxe2 44. Kxe2 Nc7 45. Kd3 Nd5 46. Nb5 c4+ 47. Kxc4 1/2-1/2

[Event "ch-Commonwealth 2012"]
[Site "Chennai IND"]
[Date "2012.11.30"]
[Round "10"]
[White "Laxman, R.R."]
[Black "Kathmale, Sameer"]
[Result "1/2-1/2"]
[WhiteTitle "GM"]
[WhiteElo "2461"]
[BlackElo "2281"]
[WhiteFideId "5005361"]
[BlackFideId "5024498"]
[EventDate "2012.11.23"]

1. Nf3 Nf6 2. c4 e6 3. g3 d5 4. d4 Bb4+ 5. Bd2 Be7 6. Bg2 c6 7. Qc2 O-O 8. O-O
b6 9. Rd1 Ba6 10. b3 Nbd7 11. a4 Rc8 12. a5 Bb7 13. axb6 axb6 14. Ra7 Ba8 15.
Nc3 c5 16. e3 cxd4 17. Nxd4 dxc4 18. Bxa8 Rxa8 19. Nc6 Rxa7 20. Nxd8 cxb3 21.
Qxb3 Rxd8 22. Be1 Rda8 23. Kg2 h5 24. Nb5 Ra2 25. Nc3 R2a3 26. Qc4 Bc5 27. Qf4
Nf8 28. Qc7 Rb3 29. Qc6 Rba3 30. Nb5 Ra2 31. Nc3 R2a3 32. h3 Ng6 33. Nb5 Ra2 34.
Nc3 Ne7 35. Qb7 Ra1 36. Rxa1 Rxa1 37. Bd2 Ned5 38. Qb8+ Kh7 39. Qe5 Nxc3 40.
Bxc3 Rd1 41. Qg5 Rd5 42. Qf4 Rf5 43. Qc4 b5 44. Qd3 Kh6 45. Qd8 Kh7 46. Bxf6
gxf6 47. g4 hxg4 48. hxg4 Rg5 49. Kg3 Kg7 50. Kf3 b4 51. Qb8 Bf8 52. Qb7 Ra5 53.
Kg3 Ra1 54. f4 Ra3 55. Qb6 Rc3 56. g5 Bc5 57. gxf6+ Kg6 58. Qd8 Kf5 59. Qg8
Rxe3+ 60. Kh4 Bd4 61. Qh7+ Kxf4 62. Qxf7 Re1 63. Qc7+ Be5 64. Qc4+ Kf5 65. Qc2+
Re4+ 66. Kh3 Bxf6 67. Kg3 b3 68. Qd3 Ke5 69. Qb5+ Kd4 70. Qb4+ Kd3 71. Qxb3+ Bc3
72. Qd1+ Kc4 73. Kf3 Re1 74. Qa4+ Kd3 75. Qa6+ Kc2 76. Qa2+ Kd3 77. Kf2 e5 78.
Qd5+ Kc2 79. Qa2+ Kd3 80. Qd5+ Kc2 1/2-1/2

[Event "ch-Commonwealth 2012"]
[Site "Chennai IND"]
[Date "2012.11.30"]
[Round "10"]
[White "Purushothaman, T"]
[Black "Akshayraj, Kore"]
[Result "0-1"]
[BlackTitle "IM"]
[WhiteElo "2286"]
[BlackElo "2459"]
[WhiteFideId "5012791"]
[BlackFideId "5012414"]
[EventDate "2012.11.23"]

1. d4 Nf6 2. g3 d5 3. Bg2 Bf5 4. c4 e6 5. Nc3 c6 6. Qb3 Qb6 7. c5 Qxb3 8. axb3
e5 9. dxe5 Nfd7 10. Nf3 Bxc5 11. Na4 Be4 12. Nxc5 Nxc5 13. Ra3 Nbd7 14. O-O O-O
15. Be3 a6 16. Bxc5 Nxc5 17. Nd4 Bxg2 18. Kxg2 Rae8 19. b4 Ne4 20. f4 f6 21.
exf6 Rxf6 22. Re3 Rff8 23. Nf3 Nd6 24. Ne5 Nf7 25. Rff3 Nxe5 26. fxe5 Rf7 27.
Rxf7 Kxf7 28. g4 Ke6 29. g5 Kf5 30. Rf3+ Kg6 31. Re3 Kxg5 32. Rg3+ Kh6 33. Re3
Kg6 34. Kh3 Kf5 35. Rf3+ Ke6 36. Kg4 Re7 37. Rh3 g6 38. Kg5 Kxe5 39. Kh6 Kd4 40.
b3 b6 41. Rd3+ Ke5 42. Rd2 c5 43. Ra2 Ra7 44. bxc5 bxc5 45. Ra5 Kd4 46. h4 c4
47. b4 c3 48. Rc5 Rb7 49. e3+ Kxe3 50. Rxc3+ Kd2 51. Rc5 d4 52. Ra5 d3 53. Ra2+
Ke3 54. Rxa6 Rxb4 55. Re6+ Re4 56. Rxe4+ Kxe4 0-1

[Event "ch-Commonwealth 2012"]
[Site "Chennai IND"]
[Date "2012.11.30"]
[Round "10"]
[White "Aravindh, Chithambaram VR."]
[Black "Sundararajan, Kidambi"]
[Result "1-0"]
[WhiteTitle "FM"]
[BlackTitle "GM"]
[WhiteElo "2311"]
[BlackElo "2434"]
[WhiteFideId "5072786"]
[BlackFideId "5005370"]
[EventDate "2012.11.23"]

1. e4 e5 2. Nf3 Nc6 3. Bc4 Nf6 4. Ng5 d5 5. exd5 Na5 6. Bb5+ c6 7. dxc6 bxc6 8.
Qf3 Be7 9. Bd3 O-O 10. Nc3 g6 11. h4 Bg4 12. Qe3 Nh5 13. b3 Nf4 14. Bf1 c5 15.
Bb2 c4 16. f3 Bf5 17. O-O-O cxb3 18. axb3 Qc7 19. Nge4 Rfc8 20. h5 Rab8 21. Ba6
Nd5 22. Qe2 Rd8 23. g4 Bxe4 24. Qxe4 Nxc3 25. dxc3 Rxd1+ 26. Rxd1 Ba3 27. Qd3
Qc5 28. h6 Qf8 29. Bxa3 Qxa3+ 30. Kb1 Nc6 31. Bb5 Qc5 32. Bxc6 Qxc6 33. Qd8+ Qe8
34. Qf6 Qf8 35. g5 a5 36. Qxe5 a4 37. Kb2 axb3 38. cxb3 Re8 39. Qd4 Re2+ 40. Rd2
Re8 41. b4 1-0

[Event "ch-Commonwealth 2012"]
[Site "Chennai IND"]
[Date "2012.11.30"]
[Round "10"]
[White "Kiran, Manisha Mohanty"]
[Black "Navin, Kanna"]
[Result "0-1"]
[WhiteTitle "WGM"]
[WhiteElo "2179"]
[BlackElo "2402"]
[WhiteFideId "5019575"]
[BlackFideId "5015294"]
[EventDate "2012.11.23"]

1. e4 c5 2. Nc3 Nc6 3. f4 g6 4. Nf3 Bg7 5. Bb5 Nd4 6. O-O Nxb5 7. Nxb5 d5 8. e5
Nh6 9. d4 cxd4 10. Qxd4 O-O 11. Rd1 Bd7 12. Nc3 e6 13. h3 f6 14. Be3 fxe5 15.
fxe5 Rxf3 16. gxf3 Nf5 17. Qf4 Bh6 18. Qh2 Bxe3+ 19. Kh1 Qh4 20. Qg2 Bc6 0-1

[Event "ch-Commonwealth 2012"]
[Site "Chennai IND"]
[Date "2012.11.30"]
[Round "10"]
[White "Vijayalakshmi, Subbaraman"]
[Black "Kumaran, B"]
[Result "1-0"]
[WhiteTitle "IM"]
[WhiteElo "2400"]
[BlackElo "2197"]
[WhiteFideId "5004098"]
[BlackFideId "5038472"]
[EventDate "2012.11.23"]

1. d4 Nf6 2. c4 e6 3. Nc3 Bb4 4. Qc2 c5 5. dxc5 Na6 6. a3 Bxc3+ 7. Qxc3 Nxc5 8.
f3 b6 9. b4 Nb7 10. e4 d6 11. Nh3 O-O 12. Be2 e5 13. Nf2 Be6 14. Be3 Rc8 15. Rc1
Qe7 16. O-O Nh5 17. Qd2 Rc7 18. Rc2 Rfc8 19. Rfc1 Qf6 20. Nd1 Qg6 21. Nc3 f5 22.
Nb5 Rf7 23. Nxa7 Rcf8 24. exf5 Bxf5 25. Rc3 e4 26. f4 Nf6 27. Nb5 Bh3 28. Bd1
Nd7 29. Bb3 Rf5 30. Nd4 Ne5 31. Kh1 Nf3 32. Nxf3 exf3 33. gxh3 Rh5 34. Rg1 Qe8
35. Bd4 g6 36. Rxf3 Qc6 37. c5+ 1-0

[Event "ch-Commonwealth 2012"]
[Site "Chennai IND"]
[Date "2012.11.30"]
[Round "10"]
[White "Akshat, Khamparia"]
[Black "Rishi, Sardana"]
[Result "0-1"]
[WhiteTitle "IM"]
[WhiteElo "2398"]
[BlackElo "2173"]
[WhiteFideId "5016541"]
[BlackFideId "25004301"]
[EventDate "2012.11.23"]

1. b3 e5 2. Bb2 Nc6 3. e3 d5 4. Bb5 Bd6 5. Nf3 Qe7 6. d4 e4 7. Ne5 a6 8. Nxc6
Qg5 9. Bf1 bxc6 10. c4 f5 11. c5 Be7 12. Qd2 Nh6 13. Na3 Qf6 14. O-O-O f4 15.
exf4 O-O 16. g3 g5 17. Kb1 gxf4 18. gxf4 Qxf4 19. Qxf4 Rxf4 20. Bc1 Rh4 21. Be2
Bd7 22. Nc2 a5 23. Ne3 Bh3 24. Rhg1+ Kh8 25. Rg3 Rf8 26. Rdg1 Nf5 27. Rxh3 Rxh3
28. Nxf5 Rxf5 29. Bg4 Rhf3 30. Bxf5 Rxf5 31. Be3 Bh4 32. Rg2 h6 33. Kb2 Bg5 34.
Ka3 Rf3 35. Rxg5 hxg5 36. Ka4 Rf8 37. a3 Ra8 38. Bxg5 Kg7 39. Bf4 Ra7 40. b4
axb4+ 41. Kxb4 Rb7+ 42. Ka5 Ra7+ 43. Kb4 Kg6 44. h3 Kf5 45. Be3 Rb7+ 46. Ka5
Ra7+ 47. Kb4 Ra8 48. a4 Rh8 49. Ka5 Ke6 50. Ka6 Kd7 51. Kb7 Rxh3 52. a5 Rh1 53.
a6 Rb1+ 54. Ka8 Kc8 55. a7 Rb2 56. Bc1 Rxf2 57. Be3 Rb2 58. Bf2 Rb3 59. Be3 Kd7
60. Bg1 Rb2 61. Be3 Rb4 62. Bf2 Rb3 63. Be3 Rxe3 0-1

[Event "ch-Commonwealth 2012"]
[Site "Chennai IND"]
[Date "2012.11.30"]
[Round "10"]
[White "Deepan, Chakkravarthy J."]
[Black "Chandika, Divyasree"]
[Result "1-0"]
[WhiteTitle "GM"]
[BlackTitle "WFM"]
[WhiteElo "2500"]
[BlackElo "2145"]
[WhiteFideId "5011132"]
[BlackFideId "5024552"]
[EventDate "2012.11.23"]

1. e4 e5 2. Nf3 Nc6 3. Bb5 a6 4. Ba4 Nge7 5. O-O g6 6. d4 exd4 7. Nxd4 Bg7 8. c3
Nxd4 9. cxd4 b5 10. Bb3 O-O 11. Nc3 Nc6 12. Be3 Na5 13. Bc2 Nc4 14. Bc1 d6 15.
a4 Bd7 16. Bd3 c5 17. dxc5 dxc5 18. axb5 Bxb5 19. Qe2 Nxb2 20. Bxb5 Bxc3 21.
Rxa6 Rxa6 22. Bxa6 Qb6 23. h4 Ra8 24. Qc2 Bd4 25. Be2 Qb4 26. Bd2 Qa4 27. Rc1 c4
28. Bxc4 Qxc4 29. Qxc4 Nxc4 30. Rxc4 Ra1+ 31. Kh2 Be5+ 32. g3 f6 33. Kg2 Kf7 34.
Rb4 Rd1 35. Rb7+ Ke6 36. Bb4 Rd7 37. Rb6+ Kf7 38. Bc5 h5 39. Be3 Bd4 40. Bxd4
Rxd4 41. Rb7+ Ke6 42. Kf3 f5 43. Rb6+ Ke5 44. Rxg6 fxe4+ 45. Ke2 Ra4 46. Rg5+
Kd4 47. Rxh5 Ra2+ 48. Kf1 e3 49. fxe3+ Kxe3 50. Rf5 Rb2 51. Kg1 Ra2 52. h5 Rb2
53. h6 Rb7 54. Kg2 Ke4 55. g4 Rh7 56. Rh5 Kf4 57. Kh3 Kf3 58. g5 Rb7 59. g6 Rb1
60. Rf5+ Ke4 61. Rf2 Rh1+ 62. Rh2 Rg1 63. h7 Kf4 64. h8=Q 1-0

[Event "ch-Commonwealth 2012"]
[Site "Chennai IND"]
[Date "2012.11.30"]
[Round "10"]
[White "Dimakiling, Oliver"]
[Black "Deshpande, Aniruddha"]
[Result "1-0"]
[WhiteTitle "IM"]
[WhiteElo "2453"]
[BlackElo "2222"]
[WhiteFideId "5202248"]
[BlackFideId "5021774"]
[EventDate "2012.11.23"]

1. c4 e6 2. Nc3 d5 3. cxd5 exd5 4. d4 Nf6 5. Qc2 Be7 6. Bf4 c6 7. e3 Nbd7 8. h3
Nf8 9. Bd3 Ng6 10. Nge2 Nxf4 11. Nxf4 Bd6 12. O-O-O Qc7 13. g3 Bd7 14. Kb1 O-O-O
15. Rc1 Kb8 16. Qe2 Qa5 17. Qf3 Rhe8 18. g4 Re7 19. Nfe2 Rde8 20. Ng3 Ka8 21.
Nf5 Ne4 22. Nxe4 dxe4 23. Bxe4 Bxf5 24. Bxf5 h6 25. Rxc6 bxc6 26. Qxc6+ Kb8 27.
Qxd6+ Qc7 28. Qa3 Qb6 29. d5 g6 30. Bc2 Qf6 31. Ba4 Rd8 32. Bc6 Qd6 33. Qb3+ Kc8
34. Rc1 Rc7 35. Qb5 Rf8 36. Rc4 f5 37. gxf5 gxf5 38. a3 Kd8 39. Rf4 Ke7 40. Qe2
Kf6 41. Qg4 Qe5 42. e4 Qxe4+ 43. Rxe4 fxg4 44. Rf4+ Ke7 45. d6+ Kxd6 46. Rxf8
Kxc6 47. hxg4 Rh7 48. Rf5 Rg7 49. f3 Rg6 50. Kc2 Kb6 51. b4 Re6 52. Kd3 Kc6 53.
a4 a6 54. Kc4 Rg6 55. a5 Rd6 56. b5+ axb5+ 57. Rxb5 1-0

[Event "ch-Commonwealth 2012"]
[Site "Chennai IND"]
[Date "2012.11.30"]
[Round "10"]
[White "Sidhant, Mohapatra"]
[Black "Thejkumar, M. S."]
[Result "1/2-1/2"]
[BlackTitle "IM"]
[WhiteElo "2222"]
[BlackElo "2442"]
[WhiteFideId "5028698"]
[BlackFideId "5009154"]
[EventDate "2012.11.23"]

1. e4 c6 2. d4 d5 3. exd5 cxd5 4. c4 Nf6 5. Nc3 Nc6 6. Nf3 Be6 7. Bg5 g6 8. Bxf6
exf6 9. Be2 Bb4 10. cxd5 Bxd5 11. O-O O-O 12. Nxd5 Qxd5 13. Qd3 Rad8 14. Rfd1
Ba5 15. Qc4 Qd6 16. Qc5 Bb6 17. Qxd6 Rxd6 18. d5 Ne5 19. Rd2 Rc8 20. a3 a5 21.
Rad1 Rc5 22. a4 Rc8 23. Ne1 Nd7 24. Bf3 Rc4 25. b3 Rc3 26. Rd3 Rc7 27. Kf1 f5
28. R3d2 Ne5 29. Rc2 Rcd7 30. h3 Kg7 31. Rcd2 Rc7 32. Rc2 Nxf3 33. gxf3 Rc5 34.
Rxc5 Bxc5 35. Ke2 Kf6 36. Nc2 Ke5 37. Ne3 Bxe3 38. fxe3 Rxd5 39. Rc1 Ke6 40. Rc7
Rd7 41. Rc5 b6 42. Rb5 Rd6 43. b4 axb4 44. Rxb4 Kd7 45. Rc4 Rc6 46. Rd4+ Kc7 47.
Kf2 Rc3 48. h4 h5 49. e4 fxe4 50. Rxe4 Kd6 51. Rb4 Kc6 52. Re4 Rc5 53. Kg3 Rf5
54. Rb4 Kb7 55. Re4 Ka6 56. Rd4 Ka5 57. Re4 f6 58. Re6 g5 59. hxg5 fxg5 60. Rh6
h4+ 61. Kg2 Rf4 62. Rg6 Rxa4 63. Rxg5+ b5 64. Rf5 Rc4 65. f4 Ka4 66. Rf8 b4 67.
f5 Kb3 68. f6 Kc3 69. Rb8 Rf4 70. Rf8 Rc4 71. Rb8 Rc7 72. Kh3 Rh7 73. Rc8+ Kb2
74. Rc4 b3 75. Rf4 Rf7 76. Kxh4 Kc2 77. Kg5 b2 78. Rf2+ Kc3 79. Rxb2 1/2-1/2

[Event "ch-Commonwealth 2012"]
[Site "Chennai IND"]
[Date "2012.11.30"]
[Round "10"]
[White "Narayanan, Srinath"]
[Black "Raghavi, N."]
[Result "1-0"]
[WhiteTitle "IM"]
[BlackTitle "WFM"]
[WhiteElo "2438"]
[BlackElo "2113"]
[WhiteFideId "5018420"]
[BlackFideId "5017173"]
[EventDate "2012.11.23"]

1. e4 e5 2. Nf3 Nc6 3. d4 exd4 4. Nxd4 Nf6 5. Nxc6 bxc6 6. e5 Qe7 7. Qe2 Nd5 8.
c4 Ba6 9. Nd2 g6 10. Ne4 Bg7 11. Bg5 Qb4+ 12. Qd2 Rb8 13. a3 Qxd2+ 14. Kxd2 Ne7
15. Bf6 Kf8 16. Kc3 Bxf6 17. exf6 Ng8 18. Rd1 Re8 19. f3 d6 20. Bd3 Re6 21. c5
Bxd3 22. cxd6 cxd6 23. Rxd3 d5 24. Nc5 Rd6 25. Ne4 Re6 26. Nc5 Rd6 27. Rd4 Nxf6
28. Ra4 Kg7 29. Re1 d4+ 30. Rxd4 Rxd4 31. Kxd4 Rd8+ 32. Kc3 Rd5 33. Nd3 Rh5 34.
h3 Nd5+ 35. Kd4 Kf6 36. Re8 Ne7 37. g4 Rb5 38. Nc5 Nd5 39. Rc8 Nf4 40. Rxc6+ Kg7
41. b4 Nxh3 42. Rc7 h5 43. gxh5 gxh5 44. Rxa7 h4 45. Ke3 Rb6 46. f4 Rg6 47. Ne4
Re6 48. Ra5 Kh6 49. Rd5 Nf2 50. Kxf2 Rxe4 51. Kf3 Rc4 52. Kg4 Kg6 53. b5 h3 54.
Rg5+ Kf6 55. Rh5 Rc8 56. Rh6+ Ke7 57. Rxh3 f5+ 58. Kg5 Kd6 59. Rb3 1-0

[Event "ch-Commonwealth 2012"]
[Site "Chennai IND"]
[Date "2012.11.30"]
[Round "10"]
[White "Patil, Pratik"]
[Black "Gomes, Mary Ann"]
[Result "0-1"]
[BlackTitle "WGM"]
[WhiteElo "2208"]
[BlackElo "2384"]
[WhiteFideId "5038758"]
[BlackFideId "5013623"]
[EventDate "2012.11.23"]

1. e4 c5 2. c3 Qa5 3. Nf3 d6 4. h3 Nf6 5. Bd3 g6 6. O-O Bg7 7. Bc2 O-O 8. d4 Qc7
9. Be3 e5 10. Nbd2 b6 11. b4 Nbd7 12. a3 Bb7 13. Re1 d5 14. bxc5 bxc5 15. Qb1
dxe4 16. Nxe5 Nxe5 17. dxe5 Nd5 18. Bxc5 Qxc5 19. Qxb7 e3 20. fxe3 Nxc3 21. Nf3
Rab8 22. Qa6 Bxe5 23. Nxe5 Qxe5 24. Qxa7 Rfd8 25. Rac1 Rd2 26. Bd1 Rbb2 27. Bf3
Kg7 28. Qa8 Ne2+ 29. Bxe2 Qxe3+ 30. Kh2 Rxe2 31. Rxe2 Qf4+ 32. Kg1 Qxc1+ 33. Kf2
Qc5+ 34. Kf1 Rb1+ 35. Re1 Qc4+ 36. Kf2 Qh4+ 37. g3 Qd4+ 38. Re3 Rb2+ 39. Kf3
Qf6+ 40. Ke4 Rd2 41. Rf3 Qd4# 0-1